Iconografía o colección de retratos al óleo que se conserva en la Pinacoteca de la Iglesia de la Profesa (Record no. 1147)

MARC details
000 -CABECERA
campo de control de longitud fija 00769nam a2200181 a 4500
001 - NÚMERO DE CONTROL
campo de control BRCA_1278
005 - FECHA Y HORA DE LA ÚLTIMA TRANSACCIÓN
campo de control 20190320203347.0
008 - DATOS DE LONGITUD FIJA--INFORMACIÓN GENERAL
campo de control de longitud fija 140408s1955----mx-a---###---#000-0#spa-#
050 #4 - SIGNATURA TOPOGRÁFICA DE LA BIBLIOTECA DEL CONGRESO
Número de clasificación ND1312
Número de documento/Ítem .A95 1955
100 1# - ENTRADA PRINCIPAL--NOMBRE DE PERSONA
Nombre de persona Avila Blancas, Luis
9 (RLIN) 4075
245 10 - MENCIÓN DE TÍTULO
Título Iconografía o colección de retratos al óleo que se conserva en la Pinacoteca de la Iglesia de la Profesa
Resto del título pintura mexicana, siglos XVIII y XIX
Mención de responsabilidad, etc. Luis Avila Blancas.
260 ## - PUBLICACIÓN, DISTRIBUCIÓN, ETC.
Lugar de publicación, distribución, etc. Puebla
Nombre del editor, distribuidor, etc. Arzobispado de México
Fecha de publicación, distribución, etc. 1955
300 ## - DESCRIPCIÓN FÍSICA
Extensión 193 p.
Otras características físicas il.
Dimensiones 17 cm.
610 24 - PUNTO DE ACCESO ADICIONAL DE MATERIA--NOMBRE DE ENTIDAD CORPORATIVA
Nombre de entidad corporativa o nombre de jurisdicción como elemento de entrada Iglesia de la Profesa (Ciudad de México)
Subdivisión general Retratos
9 (RLIN) 4200
610 24 - PUNTO DE ACCESO ADICIONAL DE MATERIA--NOMBRE DE ENTIDAD CORPORATIVA
Nombre de entidad corporativa o nombre de jurisdicción como elemento de entrada Congregación del Oratorio de San Felipe Neri (Ciudad de México)
Subdivisión general Iconografía - Historia
9 (RLIN) 4201
740 0# - PUNTO DE ACCESO ADICIONAL--TÍTULO RELACIONADO O ANALÍTICO NO CONTROLADO
Título relacionado o analítico no controlado Pintura mexicana : siglos XVIII y XIX
942 ## - ELEMENTOS DE PUNTO DE ACCESO ADICIONAL (KOHA)
Fuente del sistema de clasificación o colocación Library of Congress Classification
Tipo de ítem Koha Libros
Holdings
Estado de retiro Estado de pérdida Estado dañado No para préstamo Localización permanente Ubicación/localización actual Fecha de adquisición Total de préstamos Signatura topográfica completa Código de barras Fecha visto por última vez Precio válido a partir de Tipo de ítem Koha
El ejemplar forma parte de la colección y puede ser consultado según las políticas vigentes.       Biblioteca del Museo Franz Mayer (Rogerio Casas-Alatriste) Biblioteca del Museo Franz Mayer (Rogerio Casas-Alatriste) 26/06/2008   ND1312 .A95 1955 01779 22/03/2019 22/03/2019 Libros